Introduccion a la logica /

Guardado en:
Autor Principal: Cohen, Morris R.
Formato: Libro
Publicado: Mexico / Buenos Aires : Fondo De Cultura Economica, 1952
Materias:
Etiquetas: Agregar Etiqueta
Sin Etiquetas, Sea el primero en etiquetar este registro!
LEADER 00522nam a22001815a 4500
001 EHU.bham024088
003 AR-BHAM
005 20101004150327.0
008 130507s1952##################000#0#####d
082 1 6 |a 160 
100 1 |a Cohen, Morris R. 
245 1 0 |a Introduccion a la logica /  |c Morris R. Cohen 
260 |a Mexico / Buenos Aires :  |b Fondo De Cultura Economica,  |c 1952 
300 |a 254 p. 
653 |a Logica 
653 |a Filosofia 
653 |a Logica general 
859 |a AR-BHAM  |b BIB. HUMANIDADES - General  |h 160  |i C66  |p 484.93  |t Ej.1